<?xml version="1.0" encoding="UTF-8"?>
<record
    xmlns:xsi="http://www.w3.org/2001/XMLSchema-instance"
    xsi:schemaLocation="http://www.loc.gov/MARC21/slim http://www.loc.gov/standards/marcxml/schema/MARC21slim.xsd"
    xmlns="http://www.loc.gov/MARC21/slim">

  <leader>01399nam0a2200301 i 4500</leader>
  <controlfield tag="001">RU\NLR\BIBL_A\010527110</controlfield>
  <controlfield tag="005">20260407221934.0</controlfield>
  <datafield tag="010" ind1=" " ind2=" ">
    <subfield code="a">9785946916486</subfield>
    <subfield code="9">1000</subfield>
  </datafield>
  <datafield tag="021" ind1=" " ind2=" ">
    <subfield code="a">RU</subfield>
    <subfield code="b">2014-66910</subfield>
    <subfield code="9">4085</subfield>
  </datafield>
  <datafield tag="035" ind1=" " ind2=" ">
    <subfield code="a">(NLR Aleph) 010527110</subfield>
  </datafield>
  <datafield tag="090" ind1=" " ind2=" ">
    <subfield code="a">10240240</subfield>
    <subfield code="c">10240240</subfield>
  </datafield>
  <datafield tag="100" ind1=" " ind2=" ">
    <subfield code="a">20141111d2014    u  y0rusy50      ca</subfield>
  </datafield>
  <datafield tag="101" ind1="0" ind2=" ">
    <subfield code="a">rus</subfield>
  </datafield>
  <datafield tag="102" ind1=" " ind2=" ">
    <subfield code="a">RU</subfield>
  </datafield>
  <datafield tag="105" ind1=" " ind2=" ">
    <subfield code="a">ac||z|||010zy</subfield>
  </datafield>
  <datafield tag="200" ind1="1" ind2=" ">
    <subfield code="a">&#x412;&#x435;&#x43B;&#x438;&#x43A;&#x43E;&#x439; &#x41F;&#x43E;&#x431;&#x435;&#x434;&#x435; - 70 &#x43B;&#x435;&#x442;</subfield>
    <subfield code="e">&#x441;&#x431;&#x43E;&#x440;&#x43D;&#x438;&#x43A; [&#x43F;&#x43E;&#x44D;&#x442;&#x438;&#x447;&#x435;&#x441;&#x43A;&#x438;&#x445; &#x438; &#x43F;&#x440;&#x43E;&#x437;&#x430;&#x438;&#x447;&#x435;&#x441;&#x43A;&#x438;&#x445; &#x43F;&#x440;&#x43E;&#x438;&#x437;&#x432;&#x435;&#x434;&#x435;&#x43D;&#x438;&#x439; &#x430;&#x432;&#x442;&#x43E;&#x440;&#x43E;&#x432; &#x440;&#x430;&#x437;&#x43D;&#x44B;&#x445; &#x43F;&#x43E;&#x43A;&#x43E;&#x43B;&#x435;&#x43D;&#x438;&#x439;] &#x43B;&#x438;&#x442;&#x43E;&#x431;&#x44A;&#x435;&#x434;&#x438;&#x43D;&#x435;&#x43D;&#x438;&#x44F; "&#x41A;&#x443;&#x43D;&#x446;&#x435;&#x432;&#x43E;"</subfield>
    <subfield code="f">[&#x440;&#x435;&#x434;&#x43A;&#x43E;&#x43B;.: &#x41F;. &#x418;. &#x421;&#x430;&#x431;&#x430;&#x435;&#x432; &#x438; &#x434;&#x440;.]</subfield>
  </datafield>
  <datafield tag="210" ind1=" " ind2=" ">
    <subfield code="a">&#x41C;&#x43E;&#x441;&#x43A;&#x432;&#x430;</subfield>
    <subfield code="c">&#x413;&#x440;&#x430;&#x43D;&#x438;&#x446;&#x430;</subfield>
    <subfield code="d">2014</subfield>
  </datafield>
  <datafield tag="215" ind1=" " ind2=" ">
    <subfield code="a">205 &#x441;.</subfield>
    <subfield code="c">&#x438;&#x43B;., &#x43F;&#x43E;&#x440;&#x442;&#x440;.</subfield>
    <subfield code="d">22</subfield>
  </datafield>
  <datafield tag="327" ind1="1" ind2=" ">
    <subfield code="a">&#x421;&#x43E;&#x434;&#x435;&#x440;&#x436;.: &#x440;&#x430;&#x437;&#x434;&#x435;&#x43B;&#x44B;: &#x424;&#x440;&#x43E;&#x43D;&#x442;&#x43E;&#x432;&#x438;&#x43A;&#x438;; &#x422;&#x440;&#x443;&#x436;&#x435;&#x43D;&#x43D;&#x438;&#x43A;&#x438; &#x442;&#x44B;&#x43B;&#x430;, &#x432;&#x435;&#x442;&#x435;&#x440;&#x430;&#x43D;&#x44B; &#x442;&#x440;&#x443;&#x434;&#x430;; &#x412;&#x435;&#x43B;&#x438;&#x43A;&#x43E;&#x435; &#x441;&#x432;&#x44F;&#x442;&#x43E; - &#x436;&#x438;&#x437;&#x43D;&#x44C; &#x43F;&#x440;&#x43E;&#x434;&#x43E;&#x43B;&#x436;&#x430;&#x435;&#x442;&#x441;&#x44F;; &#x418;&#x437;&#x432;&#x435;&#x441;&#x442;&#x43D;&#x44B;&#x435; &#x43B;&#x438;&#x446;&#x430; &#x43E; &#x412;&#x442;&#x43E;&#x440;&#x43E;&#x439; &#x43C;&#x438;&#x440;&#x43E;&#x432;&#x43E;&#x439; &#x432;&#x43E;&#x439;&#x43D;&#x435;</subfield>
  </datafield>
  <datafield tag="686" ind1="2" ind2=" ">
    <subfield code="a">&#x428;6(2=&#x420;)8-999</subfield>
  </datafield>
  <datafield tag="686" ind1="2" ind2=" ">
    <subfield code="a">&#x428;6(2=&#x420;)8-98</subfield>
  </datafield>
  <datafield tag="702" ind1=" " ind2="1">
    <subfield code="a">&#x421;&#x430;&#x431;&#x430;&#x435;&#x432;</subfield>
    <subfield code="b">&#x41F;. &#x418;.</subfield>
    <subfield code="4">340</subfield>
  </datafield>
  <datafield tag="712" ind1="0" ind2="2">
    <subfield code="4">570</subfield>
    <subfield code="a">"&#x41A;&#x443;&#x43D;&#x446;&#x435;&#x432;&#x43E;", &#x43B;&#x438;&#x442;&#x435;&#x440;&#x430;&#x442;&#x443;&#x440;&#x43D;&#x43E;&#x435; &#x43E;&#x431;&#x44A;&#x435;&#x434;&#x438;&#x43D;&#x435;&#x43D;&#x438;&#x435;</subfield>
    <subfield code="c">&#x41C;&#x43E;&#x441;&#x43A;&#x432;&#x430;</subfield>
    <subfield code="3">RU\NLR\AUTH\8810149043</subfield>
    <subfield code="9">792621</subfield>
  </datafield>
  <datafield tag="942" ind1=" " ind2=" ">
    <subfield code="c">BOOK</subfield>
  </datafield>
  <datafield tag="980" ind1=" " ind2=" ">
    <subfield code="a">NBR</subfield>
  </datafield>
</record>
